|
|
|
|
| LEADER |
01933nam a2200457 4500 |
| 001 |
ocn967866767 |
| 003 |
OCoLC |
| 005 |
20180501122034.0 |
| 006 |
m o d |
| 007 |
cr cnu---unuuu |
| 008 |
170106s2017 maua ob 001 0 eng d |
| 040 |
|
|
|a IDEBK
|b eng
|e pn
|e rda
|c IDEBK
|d N$T
|d OPELS
|d EBLCP
|d N$T
|d YDX
|d OCLCF
|d OCLCQ
|d IDEBK
|d CASUM
|d OCLCQ
|d OCLCO
|d MEU
|d OCLCO
|d UAB
|d OCLCO
|d GrThAP
|
| 019 |
|
|
|a 967778185
|a 968428026
|a 973026694
|a 1011180415
|
| 020 |
|
|
|a 9780128096734
|q (electronic bk.)
|
| 020 |
|
|
|a 012809673X
|q (electronic bk.)
|
| 020 |
|
|
|a 0128097922
|q (electronic bk.)
|
| 020 |
|
|
|a 9780128097922
|q (electronic bk.)
|
| 035 |
|
|
|a (OCoLC)967866767
|z (OCoLC)967778185
|z (OCoLC)968428026
|z (OCoLC)973026694
|z (OCoLC)1011180415
|
| 050 |
|
4 |
|a QH585
|b .M47 v.137eb
|
| 072 |
|
7 |
|a SCI
|x 056000
|2 bisacsh
|
| 082 |
0 |
4 |
|a 571.8/44
|2 23
|
| 049 |
|
|
|a TEFA
|
| 245 |
0 |
0 |
|a Cytokinesis /
|c edited by Arnaud Echard.
|
| 264 |
|
1 |
|a Cambridge, MA :
|b Academic Press,
|c 2017.
|
| 300 |
|
|
|a 1 online resource (xx, 459 pages :
|b illustrations).
|
| 336 |
|
|
|a text
|b txt
|2 rdacontent
|
| 337 |
|
|
|a computer
|b c
|2 rdamedia
|
| 338 |
|
|
|a online resource
|b cr
|2 rdacarrier
|
| 490 |
1 |
|
|a Methods in cell biology ;
|v volume 137
|
| 546 |
|
|
|a Text in English.
|
| 588 |
0 |
|
|a Online resource, title from PDF title page (EBSCO, viewed January 28, 2017).
|
| 504 |
|
|
|a Includes bibliographical references and index.
|
| 650 |
|
0 |
|a Cytokinesis.
|
| 650 |
|
7 |
|a SCIENCE
|x Life Sciences
|x Anatomy & Physiology.
|2 bisacsh
|
| 650 |
|
7 |
|a Cytokinesis.
|2 fast
|0 (OCoLC)fst00886277
|
| 650 |
1 |
2 |
|a Cytokinesis.
|0 (DNLM)D048749
|
| 655 |
|
4 |
|a Electronic books.
|
| 700 |
1 |
|
|a Echard, Arnaud,
|e editor.
|
| 776 |
0 |
8 |
|i Print version:
|t Cytokinesis.
|d Cambridge, MA : Academic Press, 2017
|z 9780128096734
|z 012809673X
|w (OCoLC)950952105
|
| 830 |
|
0 |
|a Methods in cell biology ;
|v v. 137.
|
| 856 |
4 |
0 |
|u https://www.sciencedirect.com/science/bookseries/0091679X/137
|z Full Text via HEAL-Link
|